Iles du Monde - Facile n°1 - Statistiques

Statistiques générales
  • Ce quiz a été pris 32 fois
  • Le résultat moyen est 16 sur 20
Statistiques - réponses
Question Réponse % Correct
Quelle île, 4 fois plus grande que la France, est depuis 2025 régulièrement menacée d'annexion par les États-Unis pour ses minerais et sa position stratégique ? Groenland
93%
Citer au moins une île sur laquelle Napoléon a été fait prisonnier ? Sainte-Hélène/Elbe/Aix
93%
La Grèce est un pays archipel, composé de plusieurs milliers d'îles, mais quelle est la plus grande de toutes ? Crête
89%
Quelle île, dont le nom autochtone est Rapa Nui, est célèbre pour ses statues monumentales allant de 2 à 9 mètres ? Île de Pâques
89%
L'Union européenne compte 27 États membres, et le plus petit d'entre eux est un pays insulaire, lequel ? Malte
89%
Quelle île, appartenant à l'archipel des Comores, est aujourd'hui un département français suite a un référendum litigieux ? Mayotte
89%
Quel pays insulaire aux ruines bouddhistes millénaires était autrefois la colonie britannique de Ceylan ? Sri Lanka
89%
Quelle île australienne, également état du même pays, est le lieu de vie d'un certain "diable" ? Tasmanie
89%
L'Espagne n'est pas en reste avec les îles, pouvez vous citer un des deux archipels composant son territoire ? Baléares/Canaries
86%
Quel pays européen est composé d'une île dont la partie nord est, en pratique, administrée par la Turquie depuis 1973 ? Chypre
86%
Quel archipel d'Océanie a fait fortune grâce...à son nom de domaine internet, le fameux .tv ? Tuvalu
86%
Citer au moins une des îles Anglo-Normandes, connues pour avoir été le lieu d'exil de Victor Hugo de 1848 a 1870 ? Jersey/Guernesey/Sercq/Aurigny
82%
Quel archipel, du nom de la plus grande de ses îles, est le plus jeune état américain, rejoignant le pays en 1950 ? Hawaï
79%
L'Indonésie partage une de ses îles avec 2 autres pays d'Asie, quelle est le nom de cette île ? Bornéo
71%
Quel pays insulaire est le plus proche de la Réunion ? Maurice
71%
Archipel du pacifique, composé de deux îles principales. Célèbre pour l'oiseau qui me sers d'emblème, je suis également également connu pour être la "terre de l'anneau" ? Nouvelle-Zélande
71%
Sans compter la Corse, quelle est la plus grande île française de métropole ? Oléron
71%
Territoire britannique d'outre mer, je suis une petite île qui fait beaucoup parler pour son implication dans un mythe paranormal à l'échelle mondiale ? Bermudes
68%
Quelle île portugaise, située en océan Atlantique, est réputée pour être le lieu de naissance de Ronaldo ? Madère
68%
La définition d'une île est aujourd'hui floue par rapport à celle d'un continent, quelle île référence est utilisée comme critère de comparaison pour savoir si l'on a bien affaire à un île ou non ? Australie
46%
Aucun quiz correspondant
Distribution des résultats
% des personnes avec chaque résultat
Percentile par nombre de réponses
Votre historique - résultats
Vous n’avez pas pris ce quiz